000 00797cab a2200241 4500
001 ABS55356
008 090401t1996 xxu||||| |||| 00| 0 eng d
035 _a(Sirsi) u15937
041 _aeng
245 _aLandlord and Tenant (Covenants) Act 1995 - a quick guide to credit control under the Act
260 _c1996
350 _a0
490 _aSolicitors` Journal
_v140(23) 14 June 1996, 589(1)
520 _aA flow-chart guide to credit control under the Landlord and Tenant (Covenants) Act 1995. Produced by Hillier Parker and DJ Freeman.
650 _aCREDIT CONTROL
650 _aLANDLORD AND TENANT (COVENANTS) ACT 1995
650 _aLEASES
650 _aORIGINAL TENANT
650 _aRENT ARREARS
690 _aLandlord and tenant
_96252
942 _n0
948 _c04/03/1997
999 _c10492
_d10492